000 004910000a22001930004500
003 LK-CoMWRAF
005 20231120110949.0
008 230817t ||||| |||| 00| 0 eng d
020 _a8172450559
040 _aLK-CoMWRAF
_dLK-CoMWRAF
_eLK-CoMWRAF
041 _aeng
082 _a808.51
_bWHI
100 _aWhiteman, W.A.
245 _aPerfect Public Speaking
260 _aNew Delhi:
_bGoodwill Publishing House,
_c[n.d]
300 _a144 p.
650 _aPUBLIC SPEAKING
942 _cBK
999 _c2257
_d2257